Dokąd biegnie ta droga #5 (Część ostatnia) - Statystyki

Ogólne statystyki
  • Ten quiz został rozwiązany 13 razy
  • Średni wynik to 8 z 17
Statystyki odpowiedzi
Numer Początek Koniec % Poprawnych
89 Krępiec Gdańsk
69%
81 Skoczów Katowice
69%
82 Włodawa Lublin
69%
87 Piwniczna-Zdrój Nowy Sącz
62%
84 Krościenko Sanok
62%
83 Turek Sieradz
62%
86 Wojkowice Kościelne Tychy
62%
92 Rzepin Warszawa
54%
88 Kleszczów Bytom
46%
95 Brak (droga przebiega przez jedno miasto) Grudziądz
46%
90 Rakowiec Kwidzyn
46%
85 Kazuń Nowy Nowy Dwór Mazowiecki
46%
94 Jędrzychowice Korczowa
38%
96 Brak (droga przebiega przez jedną wieś) Brzeźno
31%
97 Rzeszów (Pobitno) Terliczka
15%
93 Łunowo (Świnoujście) Paprotno
8%
91 Michalinek Rzgów
8%
Nie znaleziono quizów pasujących do podanych kryteriów
Rozkład punktacji
Procent ludzi z każdym wynikiem
Percentyl według liczby udzielonych odpowiedzi
Twoja historia wyników
Nie rozwiązałeś tego quizu